[Event "7. Festival GEMA - Cerrado MI"]
[Site "Mondariz ESP"]
[Date "2007.12.26"]
[Round "1.1"]
[White "Pena Gomez, Manuel"]
[Black "Vega Gutierrez, Belinda"]
[Result "1-0"]
[WhiteElo "2320"]
[BlackElo "2085"]
[PlyCount "70"]
[EventDate "2007.12.26"]
[EventType "tourn"]
[EventRounds "9"]
[EventCountry "ESP"]
[EventCategory "2"]
[Source "lmi"]
[SourceDate "2007.12.26"]

1. e4 e5 2. Nf3 Nc6 3. Bc4 Nf6 4. d3 Be7 5. O-O O-O 6. Re1 d6 7. c3 Na5 8. Bb5
a6 9. Ba4 b5 10. Bc2 c5 11. Nbd2 Nc6 12. Nf1 Re8 13. Ng3 Bf8 14. h3 d5 15. Bg5
d4 16. cxd4 cxd4 17. a4 Bb7 18. Bb3 h6 19. Bd2 Nd7 20. axb5 axb5 21. Rxa8 Qxa8
22. Nh4 Nc5 23. Bc2 b4 24. Nh5 Qd8 25. Qg4 Bc8 26. Qg3 Kh7 27. Rf1 g6 28. Qf3
Re7 29. Nf6+ Kg7 30. Nd5 Ra7 31. Qg3 b3 32. Bd1 Be6 33. f4 exf4 34. Nxf4 Qd6
35. Nhxg6 fxg6 1-0

[Event "7. Festival GEMA - Cerrado MI"]
[Site "Mondariz ESP"]
[Date "2007.12.26"]
[Round "1.2"]
[White "Astaneh Lopez, Alex"]
[Black "Matnadze, Ana"]
[Result "1-0"]
[WhiteElo "2342"]
[BlackElo "2390"]
[PlyCount "105"]
[EventDate "2007.12.26"]
[EventType "tourn"]
[EventRounds "9"]
[EventCountry "ESP"]
[EventCategory "2"]
[Source "lmi"]
[SourceDate "2007.12.26"]

1. e4 c5 2. Nf3 d6 3. d4 cxd4 4. Nxd4 Nf6 5. Nc3 Nc6 6. Bg5 Bd7 7. Qd2 Rc8 8.
f4 h6 9. Bxf6 gxf6 10. Nf5 Qa5 11. Bd3 h5 12. a3 h4 13. O-O-O a6 14. Kb1 b5 15.
Nd5 Qxd2 16. Rxd2 Kd8 17. Nb6 Bxf5 18. exf5 Rb8 19. Nd5 e6 20. fxe6 fxe6 21.
Nxf6 Bh6 22. Rf2 Rf8 23. Nh5 Ne5 24. Be2 Ke7 25. g4 Nc4 26. Rg1 Bg5 27. c3 e5
28. Bxc4 bxc4 29. Rgf1 exf4 30. Nxf4 Kd7 31. Nh3 Rxf2 32. Rxf2 Be3 33. Rf7+ Kc6
34. Kc2 Re8 35. g5 Rg8 36. Rf5 Kd7 37. Ra5 Bc5 38. Ra4 d5 39. Rxa6 Bd6 40. Ra7+
Kc6 41. Rh7 Re8 42. Kd1 Re4 43. Nf2 Rf4 44. Ke2 Bc5 45. Nh3 Re4+ 46. Kf3 Re3+
47. Kg4 d4 48. g6 Re2 49. g7 Rg2+ 50. Kf3 Rg6 51. Rh6 Rxh6 52. g8=Q Rf6+ 53.
Ke4 1-0

[Event "7. Festival GEMA - Cerrado MI"]
[Site "Mondariz ESP"]
[Date "2007.12.26"]
[Round "1.4"]
[White "Frois, Antonio"]
[Black "Andres Gonzalez, Ivan"]
[Result "1/2-1/2"]
[WhiteElo "2354"]
[BlackElo "2381"]
[PlyCount "32"]
[EventDate "2007.12.26"]
[EventType "tourn"]
[EventRounds "9"]
[EventCountry "ESP"]
[EventCategory "2"]
[Source "lmi"]
[SourceDate "2007.12.26"]

1. Nf3 Nf6 2. c4 c6 3. b3 d5 4. g3 Bf5 5. Bg2 e6 6. Bb2 Be7 7. O-O h6 8. d3 O-O
9. Nbd2 Nbd7 10. Rc1 a5 11. a3 Bh7 12. Rc2 Qb6 13. Qc1 Rfc8 14. Ne5 Nxe5 15.
Bxe5 Ne8 16. Bh3 Rd8 1/2-1/2

[Event "7. Festival GEMA - Cerrado MI"]
[Site "Mondariz ESP"]
[Date "2007.12.26"]
[Round "1.5"]
[White "Garcia Castro, Pablo"]
[Black "Hernandez Leon, Alberto"]
[Result "1-0"]
[WhiteElo "2386"]
[BlackElo "2207"]
[PlyCount "97"]
[EventDate "2007.12.26"]
[EventType "tourn"]
[EventRounds "9"]
[EventCountry "ESP"]
[EventCategory "2"]
[Source "lmi"]
[SourceDate "2007.12.26"]

1. e4 e5 2. Nf3 Nf6 3. d3 Nc6 4. Be2 d5 5. Nbd2 Be7 6. O-O O-O 7. b3 Re8 8. Bb2
Bc5 9. c3 a5 10. a3 d4 11. Qc2 Bg4 12. Rfe1 dxc3 13. Bxc3 Nd4 14. Bxd4 Bxd4 15.
Nxd4 Qxd4 16. Bxg4 Nxg4 17. Nf3 Qd6 18. h3 Nf6 19. d4 Nd7 20. Red1 c6 21. dxe5
Qc5 22. Rac1 Qxc2 23. Rxc2 Nxe5 24. Nxe5 Rxe5 25. Rd7 Rb5 26. Rc3 Re8 27. Rcd3
g6 28. f3 b6 29. Rb7 Rf8 30. Kf2 h5 31. g4 hxg4 32. hxg4 g5 33. Ke3 Re8 34. Kd2
Rf8 35. Kc2 Rc5+ 36. Kb2 b5 37. Ra7 b4 38. axb4 axb4 39. Rb7 Ra5 40. Rxb4 Rfa8
41. Rc4 R8a6 42. Rd6 Ra2+ 43. Kc3 Rf2 44. Rf6 Kg7 45. Rf5 Kg6 46. Rd4 c5 47.
Rdd5 f6 48. Rxc5 Raa2 49. Kb4 1-0

[Event "7. Festival GEMA - Cerrado MI"]
[Site "Mondariz ESP"]
[Date "2007.12.27"]
[Round "2.1"]
[White "Vega Gutierrez, Belinda"]
[Black "Hernandez Leon, Alberto"]
[Result "1/2-1/2"]
[WhiteElo "2085"]
[BlackElo "2207"]
[PlyCount "96"]
[EventDate "2007.12.26"]
[EventType "tourn"]
[EventRounds "9"]
[EventCountry "ESP"]
[EventCategory "2"]
[Source "lmi"]
[SourceDate "2007.12.26"]

1. e4 c5 2. Nf3 d6 3. d4 cxd4 4. Nxd4 Nf6 5. Nc3 a6 6. Be2 e5 7. Nb3 Be7 8. O-O
O-O 9. a4 Be6 10. Bf3 Nbd7 11. Re1 Nb6 12. Nd2 Rc8 13. Nf1 Qc7 14. Ne3 g6 15.
g4 Nc4 16. Ned5 Nxd5 17. Nxd5 Qd8 18. Nxe7+ Qxe7 19. b3 Na5 20. Bh6 Rfd8 21.
Qd2 Nc6 22. Bg5 Nd4 23. Bxe7 Nxf3+ 24. Kg2 Nxd2 25. Bxd8 Rxd8 26. Rad1 Bxb3 27.
cxb3 Nxb3 28. Rd5 Kf8 29. f4 Rc8 30. fxe5 Rc2+ 31. Kg1 dxe5 32. Re3 Nd4 33.
Rxe5 Ne2+ 34. Kf1 Nd4 35. Rd5 Rc4 36. Rd7 b5 37. axb5 axb5 38. h4 b4 39. Rd3 b3
40. R7xd4 b2 41. Rd8+ Kg7 42. Rb8 Rc1+ 43. Kf2 b1=Q 44. Rxb1 Rxb1 45. Kf3 Rf1+
46. Kg3 h6 47. Rd6 Rf6 48. Rd5 Rf1 1/2-1/2

[Event "7. Festival GEMA - Cerrado MI"]
[Site "Mondariz ESP"]
[Date "2007.12.27"]
[Round "2.3"]
[White "Padeiro, Jose"]
[Black "Frois, Antonio"]
[Result "1-0"]
[WhiteElo "2278"]
[BlackElo "2354"]
[PlyCount "71"]
[EventDate "2007.12.26"]
[EventType "tourn"]
[EventRounds "9"]
[EventCountry "ESP"]
[EventCategory "2"]
[Source "lmi"]
[SourceDate "2007.12.26"]

1. d4 Nf6 2. Nf3 g6 3. c4 Bg7 4. Nc3 O-O 5. Bf4 d6 6. h3 c6 7. e3 a6 8. Be2
Nbd7 9. O-O b5 10. Qc2 bxc4 11. Bxc4 c5 12. dxc5 Nxc5 13. b4 Bf5 14. Qe2 Nce4
15. Nxe4 Nxe4 16. Rac1 Nc3 17. Qd2 Ne4 18. Qe2 Qb6 19. a3 Nc3 20. Qd2 Ne4 21.
Qa2 Rac8 22. Ng5 Nxg5 23. Bxg5 Rc7 24. Bb3 h6 25. Bh4 g5 26. Bg3 Bg6 27. Rxc7
Qxc7 28. Bc4 Qb6 29. Qe2 a5 30. Bd3 Bxd3 31. Qxd3 Rc8 32. Rb1 a4 33. Qe4 Qa7
34. b5 Rb8 35. h4 Bf6 36. Rb4 1-0

[Event "7. Festival GEMA - Cerrado MI"]
[Site "Mondariz ESP"]
[Date "2007.12.27"]
[Round "2.4"]
[White "Matnadze, Ana"]
[Black "Moreno Gracia, Daniel"]
[Result "1-0"]
[WhiteElo "2390"]
[BlackElo "2234"]
[PlyCount "59"]
[EventDate "2007.12.26"]
[EventType "tourn"]
[EventRounds "9"]
[EventCountry "ESP"]
[EventCategory "2"]
[Source "lmi"]
[SourceDate "2007.12.26"]

1. d4 Nf6 2. c4 e6 3. g3 d5 4. Nf3 dxc4 5. Bg2 Bb4+ 6. Bd2 a5 7. O-O O-O 8. Qc2
b5 9. a4 Bxd2 10. Nbxd2 c6 11. b3 cxb3 12. Nxb3 Na6 13. Ne5 Nb4 14. Qd2 Rb8 15.
axb5 Rxb5 16. Nxa5 Rxe5 17. Qxb4 Rxe2 18. Nxc6 Qe8 19. Ne7+ Kh8 20. Rfc1 Bd7
21. Bf3 Rb2 22. Qxb2 Qxe7 23. Qb6 e5 24. Qc5 Qxc5 25. dxc5 e4 26. Bg2 Rc8 27.
c6 Rxc6 28. Ra8+ Ng8 29. Rd1 Bg4 30. Rxg8+ 1-0

[Event "7. Festival GEMA - Cerrado MI"]
[Site "Mondariz ESP"]
[Date "2007.12.27"]
[Round "2.5"]
[White "Pena Gomez, Manuel"]
[Black "Astaneh Lopez, Alex"]
[Result "1-0"]
[WhiteElo "2320"]
[BlackElo "2342"]
[PlyCount "55"]
[EventDate "2007.12.26"]
[EventType "tourn"]
[EventRounds "9"]
[EventCountry "ESP"]
[EventCategory "2"]
[Source "lmi"]
[SourceDate "2007.12.26"]

1. c4 g6 2. Nf3 Bg7 3. Nc3 Nf6 4. e4 d6 5. d4 O-O 6. Be2 e5 7. O-O Nc6 8. d5
Ne7 9. b4 Nh5 10. Re1 h6 11. a4 Nf4 12. Bf1 g5 13. Ra3 f5 14. Nd2 Kh8 15. g3
Nfg6 16. c5 a5 17. bxa5 dxc5 18. Nc4 fxe4 19. Nxe4 Qxd5 20. Qh5 Rf5 21. Rd3 Qf7
22. Nxg5 Qf6 23. Rd8+ Ng8 24. Bd3 e4 25. Bxe4 Qc3 26. Red1 Ne5 27. Nxe5 Qxe5
28. Qg6 1-0

[Event "7. Festival GEMA - Cerrado MI"]
[Site "Mondariz ESP"]
[Date "2007.12.28"]
[Round "3.1"]
[White "Astaneh Lopez, Alex"]
[Black "Vega Gutierrez, Belinda"]
[Result "1-0"]
[WhiteElo "2342"]
[BlackElo "2085"]
[PlyCount "187"]
[EventDate "2007.12.26"]
[EventType "tourn"]
[EventRounds "9"]
[EventCountry "ESP"]
[EventCategory "2"]
[Source "lmi"]
[SourceDate "2007.12.26"]

1. e4 e5 2. Nf3 Nc6 3. d4 exd4 4. Nxd4 Bc5 5. Be3 Qf6 6. c3 Nge7 7. Bc4 b6 8.
O-O Bb7 9. f4 O-O-O 10. e5 Qh6 11. Qe2 Bxd4 12. cxd4 Nf5 13. Bxf7 Ncxd4 14.
Bxd4 Nxd4 15. Qd2 Rhf8 16. Qxd4 Rxf7 17. Nc3 Rdf8 18. Ne2 g5 19. Rac1 gxf4 20.
Qd6 Qxd6 21. exd6 c6 22. Rc4 f3 23. Rxf3 Rxf3 24. gxf3 Rxf3 25. Re4 Ba6 26. Nf4
Kb7 27. Kg2 Rf1 28. Kg3 Rd1 29. Re7 Rxd6 30. Rxh7 Bd3 31. Rg7 c5 32. h4 c4 33.
h5 Kc7 34. Kf3 b5 35. a3 Bb1 36. Rg1 Bc2 37. Ke3 a6 38. Rc1 Bb3 39. Rh1 Bc2 40.
Rh2 Bh7 41. Rg2 Bb1 42. Rg5 Rh6 43. Kd4 Kb6 44. Kd5 Ka5 45. Ne2 Bd3 46. Nc3 Kb6
47. Ke5 Re6+ 48. Kd4 Kc6 49. Rc5+ Kd6 50. Rg5 Kc6 51. b3 Rd6+ 52. Rd5 Rf6 53.
Rc5+ Kd6 54. Rg5 Ke6 55. bxc4 bxc4 56. Re5+ Kf7 57. Nd5 Re6 58. Rg5 Rh6 59. a4
Be2 60. Nf4 Bf1 61. Rd5 Ke7 62. Ng6+ Kf6 63. Nf4 Ke7 64. Ra5 Kf7 65. Ng6 Be2
66. Rf5+ Kg7 67. Nf4 Bd1 68. a5 Rd6+ 69. Kc3 Bb3 70. Nd5 Kh6 71. Nb4 Bd1 72.
Kxc4 Bxh5 73. Kc5 Re6 74. Rd5 Be2 75. Rxd7 Kg5 76. Rg7+ Kf6 77. Rg2 Re5+ 78.
Nd5+ Kf7 79. Rf2+ Ke8 80. Kd6 Rxd5+ 81. Kxd5 Bb5 82. Kd6 Bd3 83. Rd2 Bb5 84.
Rh2 Bd3 85. Rh8+ Kf7 86. Rb8 Be2 87. Kd7 Bd3 88. Rb3 Bc4 89. Rf3+ Kg6 90. Kc7
Be2 91. Rf2 Bc4 92. Rf8 Kg7 93. Ra8 Kf7 94. Kb6 1-0

[Event "7. Festival GEMA - Cerrado MI"]
[Site "Mondariz ESP"]
[Date "2007.12.28"]
[Round "3.2"]
[White "Moreno Gracia, Daniel"]
[Black "Pena Gomez, Manuel"]
[Result "1-0"]
[WhiteElo "2234"]
[BlackElo "2320"]
[PlyCount "101"]
[EventDate "2007.12.26"]
[EventType "tourn"]
[EventRounds "9"]
[EventCountry "ESP"]
[EventCategory "2"]
[Source "lmi"]
[SourceDate "2007.12.26"]

1. c4 e5 2. Nc3 Nf6 3. Nf3 Nc6 4. g3 d5 5. cxd5 Nxd5 6. Bg2 Nb6 7. d3 Be7 8.
O-O O-O 9. a3 Be6 10. b4 Nd4 11. Bb2 a5 12. Nxe5 Bf6 13. Nf3 Bb3 14. Qd2 Nc4
15. Qc1 Nxe2+ 16. Nxe2 Nxb2 17. d4 Na4 18. Nf4 Nb6 19. Nd2 Ba4 20. Bxb7 Ra7 21.
Bg2 Qxd4 22. Rb1 axb4 23. axb4 Rd8 24. Nf3 Qd6 25. Nh5 Be7 26. Qb2 Qh6 27. Rfe1
Bf8 28. Nf4 Qd6 29. Ng5 Qd2 30. Qe5 Bc2 31. Nxf7 Rd7 32. Ng5 Bxb1 33. Qe6+ Kh8
34. Rxb1 g6 35. Bd5 Rg7 36. Nf7+ Kg8 37. Ne5+ Kh8 38. Qf6 Be7 39. Nexg6+ hxg6
40. Nxg6+ Kh7 41. Nxe7 Nxd5 42. Qf5+ Kh8 43. Qh5+ Rh7 44. Qe8+ Kg7 45. Qg8+ Kf6
46. Nxd5+ Ke5 47. Qxh7 Ra2 48. Qh5+ Kd6 49. Qf3 Qxd5 50. Rd1 Ra1 51. Qxd5+ 1-0

[Event "7. Festival GEMA - Cerrado MI"]
[Site "Mondariz ESP"]
[Date "2007.12.28"]
[Round "3.3"]
[White "Frois, Antonio"]
[Black "Matnadze, Ana"]
[Result "1/2-1/2"]
[WhiteElo "2354"]
[BlackElo "2390"]
[PlyCount "35"]
[EventDate "2007.12.26"]
[EventType "tourn"]
[EventRounds "9"]
[EventCountry "ESP"]
[EventCategory "2"]
[Source "lmi"]
[SourceDate "2007.12.26"]

1. Nf3 Nf6 2. c4 e6 3. g3 b6 4. Bg2 Bb7 5. O-O Be7 6. Nc3 O-O 7. d4 Ne4 8. Bd2
f5 9. Qc2 Bf6 10. Rad1 Nxc3 11. Bxc3 Be4 12. Qc1 d6 13. Rfe1 Qe8 14. d5 e5 15.
Bf1 Bxf3 16. exf3 Nd7 17. f4 Qg6 18. Bg2 1/2-1/2

[Event "7. Festival GEMA - Cerrado MI"]
[Site "Mondariz ESP"]
[Date "2007.12.28"]
[Round "3.4"]
[White "Garcia Castro, Pablo"]
[Black "Padeiro, Jose"]
[Result "1-0"]
[WhiteElo "2386"]
[BlackElo "2278"]
[PlyCount "47"]
[EventDate "2007.12.26"]
[EventType "tourn"]
[EventRounds "9"]
[EventCountry "ESP"]
[EventCategory "2"]
[Source "lmi"]
[SourceDate "2007.12.26"]

1. e4 c5 2. d3 Nc6 3. g3 g6 4. Bg2 Bg7 5. Nc3 e6 6. Be3 d6 7. Qd2 Rb8 8. Nf3
Nd4 9. Bxd4 cxd4 10. Nb5 Qb6 11. Qb4 Kd7 12. e5 Bxe5 13. Nxe5+ dxe5 14. Qf8
Qxb5 15. O-O Kc7 16. Qg7 Bd7 17. Qxh8 Bc6 18. Qxh7 Rf8 19. Qg7 Qc5 20. Rfe1
Bxg2 21. Kxg2 Kd7 22. Rxe5 Qc6+ 23. Kg1 Ke8 24. Re4 1-0

[Event "7. Festival GEMA - Cerrado MI"]
[Site "Mondariz ESP"]
[Date "2007.12.28"]
[Round "3.5"]
[White "Hernandez Leon, Alberto"]
[Black "Andres Gonzalez, Ivan"]
[Result "1-0"]
[WhiteElo "2207"]
[BlackElo "2381"]
[PlyCount "39"]
[EventDate "2007.12.26"]
[EventType "tourn"]
[EventRounds "9"]
[EventCountry "ESP"]
[EventCategory "2"]
[Source "lmi"]
[SourceDate "2007.12.26"]

1. e4 e6 2. d4 d5 3. Nc3 Bb4 4. e5 Ne7 5. Bd2 c5 6. Nb5 Bxd2+ 7. Qxd2 O-O 8. f4
Nbc6 9. Nf3 a6 10. Nd6 f6 11. Bd3 fxe5 12. fxe5 cxd4 13. O-O h6 14. Nh4 Rxf1+
15. Rxf1 Nxe5 16. Qf4 N7c6 17. Ng6 Qf6 18. Qg3 Qd8 19. Nxe5 b5 20. Qg6 1-0

[Event "7. Festival GEMA - Cerrado MI"]
[Site "Mondariz ESP"]
[Date "2007.12.29"]
[Round "4.1"]
[White "Vega Gutierrez, Belinda"]
[Black "Andres Gonzalez, Ivan"]
[Result "0-1"]
[WhiteElo "2085"]
[BlackElo "2381"]
[PlyCount "74"]
[EventDate "2007.12.26"]
[EventType "tourn"]
[EventRounds "9"]
[EventCountry "ESP"]
[EventCategory "2"]
[Source "lmi"]
[SourceDate "2007.12.26"]

1. e4 e6 2. d4 d5 3. Nc3 Bb4 4. exd5 exd5 5. Bd3 Nc6 6. Nge2 Nge7 7. O-O Bg4 8.
f3 Bh5 9. a3 Bxc3 10. bxc3 Bg6 11. Bf4 O-O 12. Qd2 Na5 13. Rab1 b6 14. Ng3 Qd7
15. h4 Nf5 16. Nxf5 Bxf5 17. Qf2 Bxd3 18. cxd3 Rac8 19. Rfe1 c5 20. dxc5 Rxc5
21. Bd2 Nc6 22. Qg3 Qf5 23. Re3 Qg6 24. Qf4 Nd8 25. a4 Ne6 26. Qd6 h5 27. Rb5
Rd8 28. Qe7 Rc7 29. Qb4 d4 30. Re4 dxc3 31. Bxc3 Rxd3 32. Be5 Rc2 33. g3 Rxf3
34. Qe1 Rc1 35. Qxc1 Qxe4 36. Qd2 Rd3 37. Rb4 Qxe5 0-1

[Event "7. Festival GEMA - Cerrado MI"]
[Site "Mondariz ESP"]
[Date "2007.12.29"]
[Round "4.2"]
[White "Padeiro, Jose"]
[Black "Hernandez Leon, Alberto"]
[Result "1/2-1/2"]
[WhiteElo "2278"]
[BlackElo "2207"]
[PlyCount "80"]
[EventDate "2007.12.26"]
[EventType "tourn"]
[EventRounds "9"]
[EventCountry "ESP"]
[EventCategory "2"]
[Source "lmi"]
[SourceDate "2007.12.26"]

1. d4 c5 2. d5 g6 3. e4 Bg7 4. Nf3 d6 5. h3 Nf6 6. Nc3 O-O 7. Be2 b5 8. Nxb5
Nxe4 9. O-O a6 10. Na3 Nd7 11. c4 Rb8 12. Qc2 Nef6 13. Nb1 Qb6 14. Nc3 Ne8 15.
b3 Ne5 16. Nxe5 Bxe5 17. Bh6 Ng7 18. Bd3 Re8 19. Rae1 Nf5 20. Bc1 Nd4 21. Qd1
Qd8 22. Ne2 Nxe2+ 23. Rxe2 e6 24. dxe6 Bxe6 25. Be3 a5 26. f4 Bg7 27. Kh1 Qh4
28. f5 Bd7 29. Rf4 Qh5 30. Bd2 Be5 31. Rf1 Bc6 32. Re3 Qxd1 33. Rxd1 Bd4 34.
Rxe8+ Rxe8 35. fxg6 hxg6 36. a4 Kg7 37. Re1 Rb8 38. Kh2 Be5+ 39. Kg1 Bd4+ 40.
Kh2 Be5+ 1/2-1/2

[Event "7. Festival GEMA - Cerrado MI"]
[Site "Mondariz ESP"]
[Date "2007.12.29"]
[Round "4.3"]
[White "Matnadze, Ana"]
[Black "Garcia Castro, Pablo"]
[Result "1/2-1/2"]
[WhiteElo "2390"]
[BlackElo "2386"]
[PlyCount "94"]
[EventDate "2007.12.26"]
[EventType "tourn"]
[EventRounds "9"]
[EventCountry "ESP"]
[EventCategory "2"]
[Source "lmi"]
[SourceDate "2007.12.26"]

1. d4 d6 2. c4 Nf6 3. Nf3 c6 4. g3 Nbd7 5. Bg2 e5 6. O-O Be7 7. Nc3 O-O 8. e3
Re8 9. a4 a5 10. b3 Bf8 11. Ra2 Qc7 12. Re1 Nb8 13. e4 Bg4 14. Be3 Na6 15. h3
Bxf3 16. Bxf3 h6 17. Bg2 Nd7 18. Rd2 exd4 19. Bxd4 Nac5 20. Na2 Rad8 21. Nc1
Be7 22. Nd3 Ne6 23. Ba1 Qb6 24. Kh2 Bf6 25. Bxf6 Nxf6 26. f4 g6 27. f5 Nc5 28.
fxg6 fxg6 29. e5 Nxd3 30. Rxd3 dxe5 31. Rxe5 Rxe5 32. Rxd8+ Kf7 33. Rd3 Qc5 34.
Rf3 Qe7 35. Qd4 h5 36. Bf1 Kg7 37. Bd3 c5 38. Qf2 b6 39. Qb2 Qd6 40. Kg2 Qe7
41. Kh2 Re3 42. Qf2 Re5 43. Qg2 Re1 44. Qf2 Re5 45. Qc2 Re1 46. Qf2 Re6 47. Qb2
Re5 1/2-1/2

[Event "7. Festival GEMA - Cerrado MI"]
[Site "Mondariz ESP"]
[Date "2007.12.29"]
[Round "4.5"]
[White "Astaneh Lopez, Alex"]
[Black "Moreno Gracia, Daniel"]
[Result "1/2-1/2"]
[WhiteElo "2342"]
[BlackElo "2234"]
[PlyCount "76"]
[EventDate "2007.12.26"]
[EventType "tourn"]
[EventRounds "9"]
[EventCountry "ESP"]
[EventCategory "2"]
[Source "lmi"]
[SourceDate "2007.12.26"]

1. e4 e5 2. Nf3 Nc6 3. Bc4 Nf6 4. d3 Be7 5. O-O O-O 6. c3 d5 7. exd5 Nxd5 8.
Re1 Bg4 9. h3 Bh5 10. Nbd2 Nf4 11. Nf1 Na5 12. Bxf4 exf4 13. Re5 Nxc4 14. Rxh5
g6 15. Rb5 a6 16. Rxb7 Na5 17. Rb3 Nxb3 18. axb3 c5 19. Ra4 Qd6 20. d4 Rfd8 21.
N1d2 Qe6 22. Qf1 cxd4 23. Nxd4 Qb6 24. N2f3 Bf6 25. Qc1 g5 26. Qc2 Rd5 27. Qe4
Rad8 28. Rc4 Bxd4 29. Nxd4 Qg6 30. Qe7 g4 31. Rc6 R5d6 32. hxg4 Qxg4 33. f3 Qg6
34. Qh4 h6 35. Rc5 Qg3 36. Qe7 R6d7 37. Qe4 Rd5 38. Rxd5 Rxd5 1/2-1/2

[Event "7. Festival GEMA - Cerrado MI"]
[Site "Mondariz ESP"]
[Date "2007.12.30"]
[Round "5.1"]
[White "Moreno Gracia, Daniel"]
[Black "Vega Gutierrez, Belinda"]
[Result "0-1"]
[WhiteElo "2234"]
[BlackElo "2085"]
[PlyCount "98"]
[EventDate "2007.12.26"]
[EventType "tourn"]
[EventRounds "9"]
[EventCountry "ESP"]
[EventCategory "2"]
[Source "lmi"]
[SourceDate "2007.12.26"]

1. c4 Nf6 2. Nc3 g6 3. g3 Bg7 4. Bg2 O-O 5. Nf3 c5 6. d4 cxd4 7. Nxd4 Nc6 8.
O-O Qb6 9. Nb3 d6 10. Be3 Qd8 11. h3 Be6 12. Nd5 Qd7 13. Kh2 Rac8 14. f4 b6 15.
Rc1 Ne8 16. Qd2 f5 17. Bxb6 axb6 18. Nxb6 Qc7 19. Nxc8 Qxc8 20. c5 d5 21. Bxd5
Nf6 22. Bf3 Ne4 23. Qc2 Nb4 24. Qd1 Rd8 25. Qe1 Nxa2 26. Na5 Nxc1 27. Bxe4 fxe4
28. Qxc1 Qa6 29. Qe1 Bxb2 30. c6 Ra8 31. Qd2 Ba3 32. f5 Qxa5 33. Qxa5 Rxa5 34.
fxe6 Bd6 35. Rc1 Bc7 36. Kg2 Kg7 37. Rf1 Rc5 38. Rf7+ Kg8 39. Rxe7 Rxc6 40. Rd7
Bb6 41. e7 Kf7 42. e8=Q+ Kxe8 43. Rxh7 Rc2 44. Kf1 Rc1+ 45. Kg2 Rg1+ 46. Kh2
Re1 47. g4 Rxe2+ 48. Kg3 e3 49. Rb7 Rb2 0-1

[Event "7. Festival GEMA - Cerrado MI"]
[Site "Mondariz ESP"]
[Date "2007.12.30"]
[Round "5.4"]
[White "Hernandez Leon, Alberto"]
[Black "Matnadze, Ana"]
[Result "0-1"]
[WhiteElo "2207"]
[BlackElo "2390"]
[PlyCount "56"]
[EventDate "2007.12.26"]
[EventType "tourn"]
[EventRounds "9"]
[EventCountry "ESP"]
[EventCategory "2"]
[Source "lmi"]
[SourceDate "2007.12.26"]

1. d4 c6 2. c4 g6 3. e4 Bg7 4. Nc3 d6 5. f4 e5 6. fxe5 dxe5 7. d5 Nf6 8. Nf3
O-O 9. Bd3 b5 10. O-O bxc4 11. Bxc4 cxd5 12. exd5 Nbd7 13. Kh1 e4 14. Nd4 Ne5
15. Nc6 Nxc6 16. dxc6 Qxd1 17. Rxd1 Ng4 18. Rf1 Ne5 19. Bd5 Ba6 20. Be3 Bxf1
21. Rxf1 Rac8 22. Bc5 Rfd8 23. Be7 Rxd5 24. Nxd5 Rxc6 25. b4 f5 26. Bc5 Ra6 27.
Nc3 Nd3 28. b5 Ra5 0-1

[Event "7. Festival GEMA - Cerrado MI"]
[Site "Mondariz ESP"]
[Date "2007.12.30"]
[Round "5.5"]
[White "Andres Gonzalez, Ivan"]
[Black "Padeiro, Jose"]
[Result "1/2-1/2"]
[WhiteElo "2381"]
[BlackElo "2278"]
[PlyCount "55"]
[EventDate "2007.12.26"]
[EventType "tourn"]
[EventRounds "9"]
[EventCountry "ESP"]
[EventCategory "2"]
[Source "lmi"]
[SourceDate "2007.12.26"]

1. e4 c6 2. d4 d5 3. Nc3 dxe4 4. Nxe4 Nd7 5. Nf3 Ngf6 6. Nxf6+ Nxf6 7. Bc4 Bf5
8. O-O e6 9. Re1 Bd6 10. c3 Qc7 11. Ne5 Bxe5 12. dxe5 Nd5 13. Qf3 O-O-O 14. b3
Kb8 15. a4 h6 16. Ba3 c5 17. Rad1 Nb6 18. Qe2 Nxc4 19. Qxc4 b6 20. b4 cxb4 21.
Qxb4 f6 22. a5 fxe5 23. axb6 axb6 24. g4 Bd3 25. Qe7 Rhe8 26. Qxc7+ Kxc7 27.
Rxe5 Bc4 28. Rde1 1/2-1/2

[Event "7. Festival GEMA - Cerrado MI"]
[Site "Mondariz ESP"]
[Date "2008.01.02"]
[Round "6.1"]
[White "Vega Gutierrez, Belinda"]
[Black "Padeiro, Jose"]
[Result "1/2-1/2"]
[WhiteElo "2085"]
[BlackElo "2278"]
[PlyCount "96"]
[EventDate "2007.12.26"]
[EventType "tourn"]
[EventRounds "9"]
[EventCountry "ESP"]
[EventCategory "2"]
[Source "lmi"]
[SourceDate "2007.12.26"]

1. e4 c6 2. d4 d5 3. Nc3 dxe4 4. Nxe4 Nd7 5. Bc4 Ngf6 6. Nxf6+ Nxf6 7. c3 Qc7
8. Qe2 Bg4 9. f3 Bh5 10. g4 Bg6 11. f4 Be4 12. Nf3 Bd5 13. Bxd5 cxd5 14. Ne5 e6
15. f5 O-O-O 16. fxe6 fxe6 17. g5 Ne4 18. O-O Bd6 19. Rf7 Qb6 20. Bf4 Rhf8 21.
Rf1 Rxf7 22. Nxf7 Bxf4 23. Rxf4 Re8 24. Kg2 Qc7 25. Qg4 Qe7 26. h4 g6 27. a3
Kb8 28. Rf1 a6 29. Qf4+ Ka8 30. Ne5 Nd6 31. Ng4 Nf5 32. Nf6 Rd8 33. Re1 h6 34.
Kf2 Nxh4 35. Qxh4 hxg5 36. Qxg5 Rf8 37. Ke2 Rxf6 38. Qg3 Qh7 39. Kd2 Qh5 40.
Kc2 Qf5+ 41. Kb3 Rf8 42. Qd6 Rc8 43. Qd7 Qf8 44. Rxe6 Rd8 45. Qc7 g5 46. Rg6
Rc8 47. Qd7 Rd8 48. Qc7 Rc8 1/2-1/2

[Event "7. Festival GEMA - Cerrado MI"]
[Site "Mondariz ESP"]
[Date "2008.01.02"]
[Round "6.2"]
[White "Matnadze, Ana"]
[Black "Andres Gonzalez, Ivan"]
[Result "1-0"]
[WhiteElo "2390"]
[BlackElo "2381"]
[PlyCount "57"]
[EventDate "2007.12.26"]
[EventType "tourn"]
[EventRounds "9"]
[EventCountry "ESP"]
[EventCategory "2"]
[Source "lmi"]
[SourceDate "2007.12.26"]

1. d4 Nf6 2. c4 c6 3. Nf3 d5 4. Qb3 g6 5. g3 Bg7 6. Bg2 O-O 7. O-O dxc4 8. Qxc4
Na6 9. Nc3 Be6 10. Qa4 Qb6 11. e4 Rfd8 12. Rd1 c5 13. d5 Bd7 14. Qc2 c4 15. Qe2
Ng4 16. h3 Ne5 17. Nxe5 Bxe5 18. Be3 Qc7 19. d6 Bxd6 20. Nd5 Qb8 21. e5 Bxe5
22. Nxe7+ Kf8 23. Rd5 f6 24. Rad1 Kxe7 25. f4 Qc7 26. fxe5 Be6 27. Rd6 Kf7 28.
Qf3 f5 29. Qxb7 1-0

[Event "7. Festival GEMA - Cerrado MI"]
[Site "Mondariz ESP"]
[Date "2008.01.02"]
[Round "6.3"]
[White "Pena Gomez, Manuel"]
[Black "Hernandez Leon, Alberto"]
[Result "1-0"]
[WhiteElo "2320"]
[BlackElo "2207"]
[PlyCount "111"]
[EventDate "2007.12.26"]
[EventType "tourn"]
[EventRounds "9"]
[EventCountry "ESP"]
[EventCategory "2"]
[Source "lmi"]
[SourceDate "2007.12.26"]

1. c4 g6 2. Nc3 Bg7 3. g3 e5 4. Bg2 d6 5. d3 f5 6. e3 Nf6 7. Nge2 O-O 8. O-O
Nc6 9. Rb1 h6 10. b4 g5 11. f4 Qe8 12. Nd5 Nxd5 13. cxd5 Ne7 14. Qc2 c6 15.
dxc6 bxc6 16. b5 Rb8 17. Ba3 Rxb5 18. Bxd6 Rxb1 19. Rxb1 exf4 20. exf4 Rf6 21.
Be5 Rf7 22. Rb8 Kh7 23. d4 Qd7 24. Qc5 Qe6 25. d5 cxd5 26. Nd4 Qd7 27. Bxg7
Rxg7 28. fxg5 hxg5 29. Bf1 a6 30. Bd3 Qa4 31. Bc2 Qc4 32. Qxc4 dxc4 33. Rxc8
Nxc8 34. Bxf5+ Rg6 35. Nf3 c3 36. Ne5 Ne7 37. Bd3 Kg7 38. Nxg6 Nxg6 39. Kf2 Ne5
40. Ke3 a5 41. Kd4 Nf3+ 42. Kxc3 Nxh2 43. Kc4 Kf6 44. Kb5 Ng4 45. Kxa5 Ke5 46.
Kb6 Ne3 47. a4 Nd5+ 48. Kb7 Nb4 49. Bg6 Kf6 50. Bb1 g4 51. Kb6 Ke5 52. Kc5 Na6+
53. Kb5 Nc7+ 54. Kc6 Na6 55. a5 Kd4 56. Bf5 1-0